00733nam a2200193 4500003001100000005001700011008004100028040003900069041000800108082001500116100002300131245014200154260006000296300001700356650005200373650005800425650002800483650002800511LK-CoMWRAF20240203115738.0240203b2014 |||||||| |||| 00| 0 eng d aLK-CoMWRAFdLK-CoMWRAFeLK-CoMWRAF aeng a322.4bMOH aMohideen, M. I. M. aThe road map to resolve anti-muslim activities by the Sinhala Buddhist supporters of Bodu Bala Sena and Jathika Hela Urumaya in Sri Lanka adownloadbAl-Ceylan Muslim Documentation Centre, c2014 a50 p. photos aBodu Bala Sena (Sri Lanka)--Political activity  a Jathika Hela Urumaya (Sri Lanka)--Political activity aIslamophobia--Sri Lanka a Hate speech--Sri Lanka